La Contaminación de los efluentes industriales en el Vallés Occidental / Gabinete de Estudios de la Caja de Ahorros Provincial
Descripción Física:
37 f. ; 24 cm
Otros Autores:
Caixa Catalunya
MARC
| LEADER | 00000nam a2200000Ia 4500 | ||
|---|---|---|---|
| 001 | 848 | ||
| 008 | 160829s9999 xx 000 0 cat d | ||
| 080 | |a FU-8-16 | ||
| 245 | |a La Contaminación de los efluentes industriales en el Vallés Occidental / Gabinete de Estudios de la Caja de Ahorros Provincial | ||
| 260 | |a Barcelona : |b Caja de Ahorros Provincial, dl 1975 | ||
| 300 | |a 37 f. ; |c 24 cm | ||
| 650 | 0 | |a Aigua |x Contaminació |z Vallès Occidental (Catalunya) |9 21832 | |
| 700 | |a Caixa Catalunya | ||
| 901 | |a Arxiu | ||
| 942 | |n 1 | ||
| 952 | |0 0 |1 0 |4 0 |6 FU816 |7 1 |9 41861 |a Arxiu |b Arxiu |d 2016-12-01 |l 0 |o FU-8-16 |p 848 |r 2016-12-01 00:00:00 |w 2016-12-01 |y ARXIU | ||
| 999 | |c 44308 |d 44308 | ||